Indian Financial System (Record no. 11477)

MARC details
000 -LEADER
fixed length control field 00386nam a22001697a 4500
003 - CONTROL NUMBER IDENTIFIER
control field OSt
008 - FIXED-LENGTH DATA ELEMENTS--GENERAL INFORMATION
fixed length control field 220823b ||||| |||| 00| 0 eng d
020 ## - INTERNATIONAL STANDARD BOOK NUMBER
International Standard Book Number 9789353167301
082 ## - DEWEY DECIMAL CLASSIFICATION NUMBER
Classification number 658.15 KHI
100 ## - MAIN ENTRY--PERSONAL NAME
Personal name KHAN,M.Y.
245 ## - TITLE STATEMENT
Title Indian Financial System
250 ## - EDITION STATEMENT
Edition statement 11th
260 ## - PUBLICATION, DISTRIBUTION, ETC. (IMPRINT)
Place of publication, distribution, etc New Delhi
Name of publisher, distributor, etc Mcgraw Hill
Date of publication, distribution, etc 2021
300 ## - PHYSICAL DESCRIPTION
Extent MISC
650 ## - SUBJECT ADDED ENTRY--TOPICAL TERM
Topical term or geographic name as entry element Commerce
942 ## - ADDED ENTRY ELEMENTS (KOHA)
Source of classification or shelving scheme Dewey Decimal Classification
Koha item type Text Books
942 ## - ADDED ENTRY ELEMENTS (KOHA)
-- 2
Holdings
Withdrawn status Lost status Source of classification or shelving scheme Damaged status Not for loan Collection code Home library Current library Date acquired Source of acquisition Currency Cost, normal purchase price Bill Number Total Checkouts Full call number Acc. no. / Barcode Date last seen Actual Cost, discounted price Bill Date Koha item type Date last borrowed
    Dewey Decimal Classification     B.Com PIET NCR College Library PIET NCR College Library 23/08/2022 Kirti Prakashan Indian Rup 945.00 IN761   658.15 KHI N2674 23/08/2022 642.60 20/05/2022 Reference Books  
    Dewey Decimal Classification     B.Com PIET NCR College Library PIET NCR College Library 23/08/2022 Kirti Prakashan Indian Rup 945.00 IN761 2 658.15 KHI N2675 22/08/2023 642.60 20/05/2022 Text Books 08/08/2023
    Dewey Decimal Classification     B.Com PIET NCR College Library PIET NCR College Library 23/08/2022 Kirti Prakashan Indian Rup 945.00 IN761 1 658.15 KHI N2676 13/09/2022 642.60 20/05/2022 Text Books 29/08/2022
    Dewey Decimal Classification     B.Com PIET NCR College Library PIET NCR College Library 23/08/2022 Kirti Prakashan Indian Rup 945.00 IN761   658.15 KHI N2677 23/08/2022 642.60 20/05/2022 Text Books  
    Dewey Decimal Classification     B.Com PIET NCR College Library PIET NCR College Library 27/08/2022 Kirti Prakashan Indian Rup 945.00 IN812 3 658.15 KHI N2714 05/08/2025 642.00 24/08/2022 Text Books 18/02/2025

Design & Developed by: PIET Central Library
R70 Miles Stone Pattikalyana Samalkha Panipat 132102
mail ID :- [email protected], Phone No:- 0180-2569700 Ex.216